000 00537nam a2200181Ia 4500
005 20250423094901.0
008 250422s9999 xx 000 0 und d
020 _a9789789464192
050 _aHB 615 .A35/
100 _aAkinade, E. A.
245 0 _aContemporary entrepreneurship and career development: a basic text for Colleges, Polytechnics and Universities
260 _aIbadan
260 _bBrightways Publishers
260 _c2016
300 _a161 p
650 _a Entrepreneurship. New business enterprises
942 _cBK
999 _c28587
_d28587